00867cam a2200205 a 450000500170000000800410001702000150005804000230007304100080009604400070010408200180011124501660012926000290029530000740032465000650039865000460046365000450050970000360055471000710059020160420155008.0990709s1995 sp ab r 00010 spa d a2831703026 ala cladCO-BoIAVH0 aspa ack04a333.76 bE77d10aEstrategias para el desarrollo sostenible : bAmérica Latina ; programa de estrategias para la sostenibilidad de la UICN / cEditado por Arturo López Ornat aMadrid : bUICN, c1995. axii, 203 páginas : bilustraciones, mapas ; c24 x 21 centímetros16aDesarrollo sosteniblez América Latinav Estudio de casos.26aDesarrollo sosteniblez América Latina.26aPolítica ambientalz América Latina.1 aLópez Ornat, Arturo, eeditor2 aUnión Internacional para la Conservación de la Naturaleza UICN